Tus zonas erróneas

Bewaard in:
Bibliografische gegevens
Hoofdauteur: Dyer, Wayne W (Auteur)
Formaat: Boek
Taal:Spaans
Gepubliceerd in: Santiago Grijalbo 1989
Onderwerpen:
Tags: Voeg label toe
Geen labels, Wees de eerste die dit record labelt!

MARC

LEADER 00000cam a2200000 a 4500
001 UCF7478
003 CL-VaPUC
008 130627e19890000CL |||||||||||||||||spa|d
020 |a 9562580104 
082 0 4 |a 158.1  |b DYE  |2 21 
100 0 |a Dyer, Wayne W  |e author  |9 569511 
245 1 0 |a Tus zonas erróneas 
300 |a 321 p 
942 |c BK 
945 |d 20130627 00:00:00  |a cmena 
260 |a Santiago  |b Grijalbo  |c 1989 
650 0 |a Autosuperación   |9 463054 
650 0 |a Desarrollo individual   |9 307875 
650 0 |a Personalidad   |9 307255 
583 |a last modification  |c 20130627 13:18:00  |k Rodrigo Vera 
999 |c 352301  |d 352299